[Event "Deutsche Ländermeisterschaft 2016"]
[Site "Hannover GER"]
[Date "2016.10.03"]
[Round "4"]
[White "Carow, Johannes"]
[Black "Schmidek, Emil"]
[Result "1-0"]
[Termination "normal"]
[Board "4.1"]
[WhiteTitle "FM"]
[WhiteElo "2416"]
[BlackElo "2247"]
[WhiteClock "00:15:20"]
[BlackClock "00:00:34"]
[WhiteTeam "Rheinland-Pfalz"]
[BlackTeam "Berlin"]
[PlyCount "81"]
[WhiteFideId "24692050"]
[BlackFideId "12908150"]
[EventCountry "GER"]
[EventRounds "7"]
[EventType "team-swiss"]
[EventDate "2016.09.30"]

1. Nf3 Nf6 2. c4 g6 3. Nc3 d5 4. cxd5 Nxd5 5. Qb3 Nb6 6. d4 Bg7 7. e4 Bg4 8.
Bb5+ c6 9. Ng5 O-O 10. Be2 Bxe2 11. Nxe2 e5 12. dxe5 h6 13. Nf3 N8d7 14. O-O
Nxe5 15. Nxe5 Bxe5 16. a4 Qh4 17. f4 Bd6 18. Kh1 Rae8 19. Ng3 Re7 20. a5 Nd7
21. e5 Bc5 22. Ra4 Bg1 23. Kxg1 Nc5 24. Qc2 Nxa4 25. b3 Rd8 26. bxa4 Rd5 27.
Ne4 Kg7 28. Nf6 Rd8 29. Be3 Re6 30. Qc1 Rxf6 31. exf6+ Qxf6 32. Bxa7 Kh7 33.
Bb6 Rd5 34. Qe3 Qd6 35. Qe8 Rf5 36. Qe4 h5 37. Bd4 Rd5 38. Ba1 Qc5+ 39. Kh1 Qf2
40. Rg1 Rd8 41. Qe7 1-0

[Event "Deutsche Ländermeisterschaft 2016"]
[Site "Hannover GER"]
[Date "2016.10.03"]
[Round "4"]
[White "Schnabel, Bennett"]
[Black "Keymer, Vincent"]
[Result "0-1"]
[Termination "normal"]
[Board "4.2"]
[WhiteElo "1948"]
[BlackElo "2402"]
[WhiteClock "00:00:35"]
[BlackClock "01:04:19"]
[WhiteTeam "Berlin"]
[BlackTeam "Rheinland-Pfalz"]
[PlyCount "92"]
[WhiteFideId "12943290"]
[BlackFideId "12940690"]
[EventCountry "GER"]
[EventRounds "7"]
[EventType "team-swiss"]
[EventDate "2016.09.30"]

1. e4 c5 2. c3 Nf6 3. e5 Nd5 4. Nf3 Nc6 5. d4 cxd4 6. cxd4 d6 7. Bc4 dxe5 8.
dxe5 Ndb4 9. Qb3 e6 10. O-O Na5 11. Bb5+ Bd7 12. Qa4 Bxb5 13. Qxb5+ Nac6 14.
Nc3 a6 15. Qe2 Qd3 16. Rd1 Qxe2 17. Nxe2 h6 18. Bd2 Nd5 19. Nc3 Nxc3 20. Bxc3
Bc5 21. Nd4 Bxd4 22. Bxd4 O-O-O 23. Bc3 g5 24. g3 b5 25. b3 Kb7 26. Kg2 b4 27.
Bb2 g4 28. f4 h5 29. Kf2 Ne7 30. Bd4 Rd5 31. Be3 Rc8 32. Rac1 Rxd1 33. Rxd1 Nd5
34. Rd2 Rc3 35. Bd4 Rc1 36. Ke2 h4 37. Kd3 hxg3 38. hxg3 Rf1 39. Kc2 Rf3 40.
Rd3 Kc6 41. Rxf3 gxf3 42. Kd3 Nc3 43. Ke3 Kd5 44. Bb6 Nxa2 45. Ba5 Nc1 46. Bxb4
f2 0-1

[Event "Deutsche Ländermeisterschaft 2016"]
[Site "Hannover GER"]
[Date "2016.10.03"]
[Round "4"]
[White "Rosenhain, Rachela"]
[Black "Karsay, Pascal"]
[Result "0-1"]
[Termination "normal"]
[Board "4.4"]
[WhiteElo "1843"]
[BlackElo "2085"]
[WhiteClock "00:47:45"]
[BlackClock "00:18:27"]
[WhiteTeam "Berlin"]
[BlackTeam "Rheinland-Pfalz"]
[PlyCount "154"]
[WhiteFideId "12957615"]
[BlackFideId "12953474"]
[EventCountry "GER"]
[EventRounds "7"]
[EventType "team-swiss"]
[EventDate "2016.09.30"]

1. d4 Nf6 2. c4 e6 3. Nc3 Bb4 4. Qc2 O-O 5. Nf3 c5 6. dxc5 Bxc5 7. e3 b6 8. Bd3
Bb7 9. Ne4 Nxe4 10. Bxe4 Bxe4 11. Qxe4 Nc6 12. O-O Qf6 13. Rb1 Rfd8 14. Rd1 Nb4
15. a3 d5 16. cxd5 Nxd5 17. Bd2 Rac8 18. Qg4 Qg6 19. Qxg6 hxg6 20. h3 Nf6 21.
Bc3 Ne4 22. Be5 f6 23. Bd4 Bxd4 24. Nxd4 e5 25. Nf3 Rxd1+ 26. Rxd1 Rc2 27. b4
Ra2 28. Rd8+ Kh7 29. Rd3 Ra1+ 30. Kh2 Rh1+ 31. Kxh1 Nxf2+ 32. Kg1 Nxd3 33. Kf1
Kg8 34. Ke2 Nb2 35. Nd2 Kf7 36. g4 Ke6 37. e4 g5 38. Nf1 Nc4 39. a4 a5 40. Kd3
Nb2+ 41. Kc2 Nc4 42. Kb3 Nd6 43. Ng3 Kd7 44. Kc3 Kc7 45. Kb3 Kc6 46. Kc3 b5 47.
bxa5 bxa4 48. Kb4 a3 49. Kxa3 Kb5 50. a6 Kxa6 51. Kb4 Kb6 52. Kc3 Kc6 53. Kd3
Kd7 54. Nh5 Ne8 55. Kc4 Ke7 56. Kd5 Nc7+ 57. Kc4 Ne6 58. Ng3 Nf4 59. h4 gxh4
60. Nf5+ Kf7 61. Nxh4 Nh3 62. Kd5 g5 63. Nf3 Nf2 64. Nxg5+ fxg5 65. Kxe5 Kg6
66. Kd5 Nxg4 67. Kd4 Kf6 68. Kd5 Ne5 69. Kd4 g4 70. Ke3 Kg5 71. Ke2 Kf4 72. Kf2
Kxe4 73. Kg3 Ke3 74. Kg2 Kf4 75. Kf2 g3+ 76. Kg2 Kg4 77. Kg1 Kf3 0-1

[Event "Deutsche Ländermeisterschaft 2016"]
[Site "Hannover GER"]
[Date "2016.10.03"]
[Round "4"]
[White "Musiolik, David"]
[Black "Denkert, Anna"]
[Result "0-1"]
[Termination "normal"]
[Board "4.5"]
[WhiteElo "1771"]
[BlackElo "1765"]
[WhiteClock "00:30:33"]
[BlackClock "01:06:21"]
[WhiteTeam "Rheinland-Pfalz"]
[BlackTeam "Berlin"]
[PlyCount "44"]
[WhiteFideId "12972355"]
[BlackFideId "12938122"]
[EventCountry "GER"]
[EventRounds "7"]
[EventType "team-swiss"]
[EventDate "2016.09.30"]

1. e4 c6 2. d4 d5 3. Nc3 dxe4 4. Nxe4 Bf5 5. Ng3 Bg6 6. h4 h6 7. Nf3 Nd7 8. h5
Bh7 9. Bd3 Bxd3 10. Qxd3 e6 11. Bd2 Ngf6 12. O-O-O Be7 13. Kb1 O-O 14. Ne4 c5
15. Be3 Nxe4 16. Qxe4 c4 17. Ne5 c3 18. Qxb7 Rb8 19. Qc6 Rxb2+ 20. Ka1 Rxa2+
21. Kxa2 Qa5+ 22. Kb3 Qb4+ 0-1

[Event "Deutsche Ländermeisterschaft 2016"]
[Site "Hannover GER"]
[Date "2016.10.03"]
[Round "4"]
[White "Tham, Nam"]
[Black "Morio, Estelle"]
[Result "1-0"]
[Termination "normal"]
[Board "4.6"]
[WhiteElo "1650"]
[BlackElo "1820"]
[WhiteClock "01:05:16"]
[BlackClock "00:27:35"]
[WhiteTeam "Berlin"]
[BlackTeam "Rheinland-Pfalz"]
[PlyCount "41"]
[WhiteFideId "12997331"]
[BlackFideId "12951951"]
[EventCountry "GER"]
[EventRounds "7"]
[EventType "team-swiss"]
[EventDate "2016.09.30"]

1. e4 d6 2. d4 Nf6 3. Nc3 Nbd7 4. Nf3 e5 5. Bc4 Be7 6. O-O O-O 7. a4 a5 8. h3
c6 9. Re1 h6 10. Be3 Re8 11. Ba2 Qc7 12. d5 Nf8 13. Qd2 Bd7 14. Rad1 Ng6 15.
dxc6 bxc6 16. Bxh6 gxh6 17. Qxh6 d5 18. exd5 Bd6 19. dxc6 Be6 20. Nb5 Qxc6 21.
Rxd6 1-0

[Event "Deutsche Ländermeisterschaft 2016"]
[Site "Hannover GER"]
[Date "2016.10.03"]
[Round "4"]
[White "Reitz, Theresa"]
[Black "Schnabel, Luise"]
[Result "1/2-1/2"]
[Termination "normal"]
[Board "4.7"]
[WhiteElo "1815"]
[BlackElo "1615"]
[WhiteClock "00:03:03"]
[BlackClock "00:00:49"]
[WhiteTeam "Rheinland-Pfalz"]
[BlackTeam "Berlin"]
[PlyCount "71"]
[WhiteFideId "12971901"]
[BlackFideId "12943347"]
[EventCountry "GER"]
[EventRounds "7"]
[EventType "team-swiss"]
[EventDate "2016.09.30"]

1. e4 c5 2. Nf3 d6 3. Bb5+ Bd7 4. Bxd7+ Qxd7 5. O-O Nc6 6. c3 Nf6 7. Re1 e6 8.
d4 cxd4 9. cxd4 d5 10. e5 Ne4 11. Ng5 Nxg5 12. Bxg5 h6 13. Be3 Be7 14. Qg4 g6
15. Nd2 Nb4 16. Rec1 Rc8 17. Rxc8+ Qxc8 18. Nf1 Qd7 19. Qe2 Kf8 20. a3 Nc6 21.
Qd2 Kg7 22. Rc1 h5 23. Rc2 Rc8 24. Qc1 a6 25. Qe1 Bd8 26. f3 Na5 27. Rxc8 Qxc8
28. Bc1 Nb3 29. Be3 Ba5 30. Qh4 Qc2 31. Qf6+ Kf8 32. Qh8+ Ke7 33. Qf6+ Kf8 34.
Qh8+ Ke7 35. Qf6+ Kf8 36. Qh8+ 1/2-1/2

[Event "Deutsche Ländermeisterschaft 2016"]
[Site "Hannover GER"]
[Date "2016.10.03"]
[Round "4"]
[White "Tham, Minh"]
[Black "Bohrer, Katharina"]
[Result "1-0"]
[Termination "normal"]
[Board "4.8"]
[WhiteElo "1681"]
[BlackElo "1110"]
[WhiteClock "01:08:03"]
[BlackClock "00:46:08"]
[WhiteTeam "Berlin"]
[BlackTeam "Rheinland-Pfalz"]
[PlyCount "119"]
[WhiteFideId "12997323"]
[BlackFideId "16225457"]
[EventCountry "GER"]
[EventRounds "7"]
[EventType "team-swiss"]
[EventDate "2016.09.30"]

1. e4 d6 2. d4 Nf6 3. Nc3 g6 4. f4 Bg7 5. Nf3 c5 6. Be3 cxd4 7. Bxd4 O-O 8. Bd3
Nc6 9. Bf2 Bg4 10. O-O Nd7 11. h3 Bxf3 12. Qxf3 Nd4 13. Qd1 Qc7 14. Nd5 Qd8 15.
c3 Nc6 16. Qe2 e6 17. Ne3 Nc5 18. Bc2 Qe7 19. Rad1 Rad8 20. Nc4 Nxe4 21. Bxe4
d5 22. Bf3 dxc4 23. Qxc4 Na5 24. Qc5 Qxc5 25. Bxc5 Rfe8 26. Bxa7 Ra8 27. Bd4 e5
28. fxe5 Bxe5 29. Bd5 Bxd4+ 30. Rxd4 Nc6 31. Bxf7+ Kg7 32. Bxe8 Nxd4 33. Rf7+
Kg8 34. cxd4 Rxe8 35. Rxb7 Rd8 36. Rb4 Kf7 37. Kf2 Re8 38. d5 Re5 39. Rb5 h5
40. a4 Ke7 41. d6+ Kxd6 42. Rxe5 Kxe5 43. b4 Kd6 44. Kf3 Kd5 45. Kf4 Kc4 46. b5
Kc5 47. Kg5 Kd6 48. g4 hxg4 49. hxg4 Kc7 50. Kxg6 Kd8 51. Kf7 Kd7 52. g5 Kd8
53. g6 Kd7 54. g7 Kc7 55. g8=Q Kb6 56. Qc8 Ka5 57. Qc4 Kb6 58. Qc3 Ka7 59. a5
Kb7 60. Qc5 1-0

[Event "Deutsche Ländermeisterschaft 2016"]
[Site "Hannover GER"]
[Date "2016.10.03"]
[Round "4"]
[White "Vöge, Tobias"]
[Black "Urban, Lars"]
[Result "1-0"]
[Termination "normal"]
[Board "5.1"]
[WhiteTitle "FM"]
[WhiteElo "2289"]
[BlackElo "2209"]
[WhiteClock "00:19:31"]
[BlackClock "01:09:00"]
[WhiteTeam "Niedersachsen 1"]
[BlackTeam "Thüringen"]
[PlyCount "149"]
[WhiteFideId "1270513"]
[BlackFideId "4644034"]
[EventCountry "GER"]
[EventRounds "7"]
[EventType "team-swiss"]
[EventDate "2016.09.30"]

1. d4 d5 2. c4 e6 3. Nc3 Nf6 4. Bg5 Be7 5. e3 O-O 6. cxd5 exd5 7. Bd3 h6 8. Bh4
Re8 9. Nge2 c6 10. O-O Ne4 11. Bxe7 Qxe7 12. Bxe4 dxe4 13. Ng3 f5 14. Qh5 Rf8
15. f3 exf3 16. Rxf3 Na6 17. Raf1 Bd7 18. Nd1 Nb4 19. a3 Nd5 20. Nxf5 Bxf5 21.
Rxf5 Rxf5 22. Rxf5 Qe4 23. Rf1 Nxe3 24. Qe2 Re8 25. Re1 Qxd4 26. Nxe3 c5 27.
Qf2 c4 28. Nc2 Rxe1+ 29. Nxe1 Qe4 30. h3 b5 31. Nf3 a5 32. Qd4 Qc2 33. Qd5+ Kh7
34. Qxb5 c3 35. bxc3 Qc1+ 36. Kh2 Qf4+ 37. Kh1 Qc1+ 38. Ng1 Qxa3 39. c4 Qc1 40.
c5 a4 41. c6 a3 42. Qf5+ Kg8 43. Qc8+ Kf7 44. Qd7+ Kf6 45. c7 a2 46. c8=Q Qxc8
47. Qxc8 a1=Q 48. Qe8 Qc1 49. Qe4 Kf7 50. Qe5 Kg8 51. Kh2 Qf1 52. Nf3 Qf2 53.
Nd4 Qf8 54. Nc6 Kh7 55. Ne7 Qd8 56. Qf5+ Kh8 57. Qc8 Qxc8 58. Nxc8 g6 59. Nd6
Kg7 60. Ne4 g5 61. g4 Kg6 62. Kg3 h5 63. gxh5+ Kxh5 64. Nf2 Kh6 65. Kg4 Kg6 66.
Ne4 Kh6 67. Nxg5 Kg6 68. Nf3 Kh6 69. Ne5 Kh7 70. Kh5 Kg7 71. Nf3 Kh7 72. Ng5+
Kg7 73. h4 Kh8 74. Kg6 Kg8 75. Nf7 1-0

[Event "Deutsche Ländermeisterschaft 2016"]
[Site "Hannover GER"]
[Date "2016.10.03"]
[Round "4"]
[White "Nguyen, Huy Dat"]
[Black "Polster, Christian"]
[Result "1/2-1/2"]
[Termination "normal"]
[Board "5.2"]
[WhiteElo "2174"]
[BlackElo "2309"]
[WhiteClock "00:21:31"]
[BlackClock "00:22:45"]
[WhiteTeam "Thüringen"]
[BlackTeam "Niedersachsen 1"]
[PlyCount "45"]
[WhiteFideId "12923486"]
[BlackFideId "12965081"]
[EventCountry "GER"]
[EventRounds "7"]
[EventType "team-swiss"]
[EventDate "2016.09.30"]

1. e4 c5 2. b4 cxb4 3. Bb2 e6 4. d4 d5 5. e5 Ne7 6. a3 Nec6 7. axb4 Bxb4+ 8. c3
Be7 9. Bd3 Nd7 10. Nd2 f5 11. Nh3 O-O 12. Nf4 Nb6 13. h4 a5 14. Nf3 g6 15. Ng5
Bxg5 16. hxg5 Bd7 17. Qf3 Rf7 18. Qh3 Rg7 19. Bc1 Nc4 20. g4 Ne7 21. gxf5 exf5
22. Qf3 Qc8 23. O-O 1/2-1/2

[Event "Deutsche Ländermeisterschaft 2016"]
[Site "Hannover GER"]
[Date "2016.10.03"]
[Round "4"]
[White "Reuker, Jari"]
[Black "Scheftlein, Richard"]
[Result "1/2-1/2"]
[Termination "normal"]
[Board "5.3"]
[WhiteElo "2179"]
[BlackElo "2092"]
[WhiteClock "00:05:29"]
[BlackClock "00:16:01"]
[WhiteTeam "Niedersachsen 1"]
[BlackTeam "Thüringen"]
[PlyCount "113"]
[WhiteFideId "12909300"]
[BlackFideId "12945609"]
[EventCountry "GER"]
[EventRounds "7"]
[EventType "team-swiss"]
[EventDate "2016.09.30"]

1. e4 c6 2. d4 d5 3. e5 Bf5 4. Nf3 e6 5. Be2 Ne7 6. O-O Bg6 7. Nbd2 c5 8. c4
cxd4 9. Nxd4 Nec6 10. Qa4 Bc5 11. Nxc6 Nxc6 12. cxd5 exd5 13. b4 Bxb4 14. Bb5
O-O 15. Bxc6 Bxd2 16. Bxb7 Rb8 17. Bxd2 Rxb7 18. Rac1 Qe7 19. Qd4 Qe6 20. Rc5
Bb1 21. Ra5 Qb6 22. Qxb6 Rxb6 23. a3 Bd3 24. Rd1 Be2 25. Re1 Ba6 26. Be3 Rg6
27. Bxa7 Rc8 28. g3 Bc4 29. Be3 Rb8 30. Ra7 Ra6 31. Rxa6 Bxa6 32. Rd1 Rb3 33.
Bc5 Rc3 34. Bd6 Rb3 35. h4 h5 36. Bc5 Kh7 37. Bd6 Kg6 38. Kg2 Kf5 39. Rd4 Bc4
40. a4 Ke6 41. g4 Be2 42. gxh5 Kf5 43. Bf8 Bxh5 44. Bxg7 Bf3+ 45. Kh2 Be4 46.
Rd1 Kg4 47. Rg1+ Kxh4 48. Bf6+ Kh5 49. Rg5+ Kh6 50. Rg3 Rb2 51. Bg5+ Kh5 52.
Be3 Ra2 53. Kh3 Bf5+ 54. Kg2 Be4+ 55. Kh3 Bf5+ 56. Kg2 Be4+ 57. Kh3 1/2-1/2

[Event "Deutsche Ländermeisterschaft 2016"]
[Site "Hannover GER"]
[Date "2016.10.03"]
[Round "4"]
[White "Weishäutel, Moritz"]
[Black "Böhm, Jana"]
[Result "1/2-1/2"]
[Termination "normal"]
[Board "5.4"]
[WhiteElo "1946"]
[BlackElo "1904"]
[WhiteClock "00:01:54"]
[BlackClock "00:01:23"]
[WhiteTeam "Thüringen"]
[BlackTeam "Niedersachsen 1"]
[PlyCount "142"]
[WhiteFideId "12967300"]
[BlackFideId "24661589"]
[EventCountry "GER"]
[EventRounds "7"]
[EventType "team-swiss"]
[EventDate "2016.09.30"]

1. e4 e6 2. d4 d5 3. exd5 exd5 4. Nf3 Bd6 5. c4 c6 6. Nc3 Ne7 7. c5 Bc7 8. Bd3
Bf5 9. O-O O-O 10. Re1 Bxd3 11. Qxd3 h6 12. b4 Nd7 13. a4 b6 14. Ba3 bxc5 15.
dxc5 Ng6 16. b5 Qf6 17. bxc6 Nde5 18. Nxe5 Nxe5 19. Qd1 Rad8 20. Nb5 Ba5 21.
Rf1 Nxc6 22. Nd6 d4 23. Nb7 Rc8 24. Nxa5 Nxa5 25. Rc1 Rfd8 26. Qd3 Nc6 27. Rfd1
Ne5 28. Qe4 d3 29. f4 Ng4 30. h3 d2 31. Rb1 Re8 32. Qb4 Ne3 33. Rxd2 Qf5 34.
Rb3 Re4 35. Qb7 Rce8 36. c6 Rxf4 37. Bd6 Rxa4 38. Rxe3 Rxe3 39. c7 Re8 40. Re2
Rc8 41. Rb2 Re4 42. Qxa7 Re1+ 43. Kh2 h5 44. Qd4 Qe4 45. Qd2 Qe3 46. Qxe3 Rxe3
47. Bf4 Ree8 48. Kg1 f6 49. Rd2 g5 50. Bh2 Kf7 51. h4 g4 52. Rd5 Kg6 53. Rd7
Kf5 54. Rd5+ Ke4 55. Rd7 f5 56. Bd6 Kd5 57. Bf4+ Ke4 58. Bd6 Ra8 59. Be7 g3 60.
Kf1 Ra1+ 61. Ke2 Rea8 62. Bb4 Rc8 63. Bd6 Ra2+ 64. Kd1 Raa8 65. Bxg3 f4 66.
Re7+ Kd3 67. Rd7+ Ke3 68. Re7+ Kd3 69. Rd7+ Ke4 70. Re7+ Kd3 71. Bxf4 Rh8
1/2-1/2

[Event "Deutsche Ländermeisterschaft 2016"]
[Site "Hannover GER"]
[Date "2016.10.03"]
[Round "4"]
[White "von Estorff, Jacob"]
[Black "Grund, Sebastian"]
[Result "1/2-1/2"]
[Termination "normal"]
[Board "5.5"]
[WhiteElo "1896"]
[BlackElo "1859"]
[WhiteClock "00:13:56"]
[BlackClock "00:36:46"]
[WhiteTeam "Niedersachsen 1"]
[BlackTeam "Thüringen"]
[PlyCount "101"]
[WhiteFideId "12974501"]
[BlackFideId "12988626"]
[EventCountry "GER"]
[EventRounds "7"]
[EventType "team-swiss"]
[EventDate "2016.09.30"]

1. e4 c5 2. Nf3 Nc6 3. d4 cxd4 4. Nxd4 g6 5. Nc3 Bg7 6. Be3 Nf6 7. Bc4 Qa5 8.
O-O O-O 9. Bb3 d6 10. h3 Bd7 11. Re1 Rac8 12. Nd5 Nxd5 13. exd5 Ne5 14. Qe2 Qa6
15. Qxa6 bxa6 16. c3 a5 17. f4 Nd3 18. Re2 a4 19. Bd1 a3 20. b3 Rxc3 21. Nc2
Nxf4 22. Bxf4 Rxc2 23. Bxc2 Bxa1 24. Rxe7 Bd4+ 25. Kh1 Rd8 26. Bxd6 Bf5 27.
Bxf5 Rxd6 28. Be4 Rf6 29. Re8+ Kg7 30. Bf3 Rd6 31. Rc8 Kf6 32. Rc4 Bb2 33. Rf4+
Kg7 34. Ra4 a6 35. Kg1 f5 36. Kf2 Kf6 37. Ke3 Ke5 38. Rc4 h6 39. Rc8 Bd4+ 40.
Kd3 Bb2 41. Rc6 g5 42. Rxd6 Kxd6 43. g4 fxg4 44. hxg4 Ke5 45. Kc4 a5 46. Bd1
Kd6 47. Bc2 Ke5 48. Kc5 Bc3 49. Kc6 Bb4 50. Bd1 Bd6 51. Be2 1/2-1/2

[Event "Deutsche Ländermeisterschaft 2016"]
[Site "Hannover GER"]
[Date "2016.10.03"]
[Round "4"]
[White "Ratay, Meike"]
[Black "Evering, Sören"]
[Result "1/2-1/2"]
[Termination "normal"]
[Board "5.6"]
[WhiteElo "1716"]
[BlackElo "1853"]
[WhiteClock "00:16:35"]
[BlackClock "00:04:01"]
[WhiteTeam "Thüringen"]
[BlackTeam "Niedersachsen 1"]
[PlyCount "108"]
[WhiteFideId "12977608"]
[BlackFideId "12974650"]
[EventCountry "GER"]
[EventRounds "7"]
[EventType "team-swiss"]
[EventDate "2016.09.30"]

1. e4 e5 2. Nf3 Nc6 3. Bb5 a6 4. Bxc6 dxc6 5. O-O Bg4 6. h3 h5 7. d3 Qf6 8.
Nbd2 g5 9. Re1 Be6 10. d4 g4 11. Nxe5 gxh3 12. g3 h4 13. Qf3 hxg3 14. fxg3 h2+
15. Kh1 O-O-O 16. Qxf6 Nxf6 17. Ndf3 Ng4 18. Nxg4 Bxg4 19. Ne5 Be6 20. c3 Bd6
21. Bf4 Rdg8 22. Re2 f6 23. Nd3 Bc4 24. Re3 Bxd3 25. Rxd3 Rh3 26. Rf1 Rg4 27.
Rd2 Bxf4 28. gxf4 Rhh4 29. Rxh2 Rxf4 30. Rxh4 Rxf1+ 31. Kg2 Rb1 32. Rf4 Rxb2+
33. Kg3 Rxa2 34. Rxf6 Rc2 35. Rf3 a5 36. Kf4 a4 37. Ke5 b6 38. d5 cxd5 39. Kxd5
Kb7 40. e5 a3 41. c4 a2 42. Ra3 Rd2+ 43. Ke6 Kc6 44. Kf7 Rf2+ 45. Ke7 b5 46.
cxb5+ Kxb5 47. e6 Kb4 48. Ra7 Kb3 49. Rb7+ Ka3 50. Rxc7 Rf4 51. Rc1 Rb4 52. Ra1
Kb2 53. Rxa2+ Kxa2 54. Kd8 Kb3 1/2-1/2

[Event "Deutsche Ländermeisterschaft 2016"]
[Site "Hannover GER"]
[Date "2016.10.03"]
[Round "4"]
[White "Mönster, Madita"]
[Black "Nguyen, Ha Thanh"]
[Result "0-1"]
[Termination "normal"]
[Board "5.7"]
[WhiteElo "1781"]
[BlackElo "1732"]
[WhiteClock "00:21:52"]
[BlackClock "00:31:25"]
[WhiteTeam "Niedersachsen 1"]
[BlackTeam "Thüringen"]
[PlyCount "104"]
[WhiteFideId "12947156"]
[BlackFideId "12942154"]
[EventCountry "GER"]
[EventRounds "7"]
[EventType "team-swiss"]
[EventDate "2016.09.30"]

1. e4 c5 2. Nf3 Nc6 3. d4 cxd4 4. Nxd4 g6 5. Nc3 Bg7 6. Be3 Nf6 7. Bc4 Qa5 8.
O-O O-O 9. Bb3 d6 10. h3 Bd7 11. Qe2 Nxe4 12. Nxc6 Bxc6 13. Nxe4 Bxe4 14. Bc1
Qe5 15. Re1 Bc6 16. Qd1 Qf6 17. c3 Rfe8 18. Be3 a5 19. a4 Qf5 20. Qd2 Qd7 21.
Bg5 d5 22. Bh6 e5 23. Bxg7 Kxg7 24. Red1 Red8 25. Qe2 Qe8 26. Bc2 f6 27. b3 Rd6
28. Rd2 Rad8 29. Rad1 Qe6 30. h4 R8d7 31. h5 Rd8 32. Qd3 e4 33. Qe2 f5 34. g3
Qf6 35. Rd4 g5 36. f3 Qe5 37. Kg2 Kh6 38. fxe4 dxe4 39. Rxd6+ Rxd6 40. Rxd6+
Qxd6 41. Kh2 Be8 42. Bd1 Qd3 43. Qxd3 exd3 44. Kg2 Bxh5 45. Bxh5 Kxh5 46. Kf2
f4 47. gxf4 gxf4 48. b4 Kg4 49. bxa5 f3 50. Ke3 Kg3 51. Kxd3 f2 52. Ke2 Kg2 0-1

[Event "Deutsche Ländermeisterschaft 2016"]
[Site "Hannover GER"]
[Date "2016.10.03"]
[Round "4"]
[White "Schröder, Kevin"]
[Black "Grigorian, Spartak"]
[Result "0-1"]
[Termination "normal"]
[Board "6.1"]
[WhiteTitle "FM"]
[WhiteElo "2266"]
[BlackElo "2293"]
[WhiteTeam "Nordrhein-Westfalen"]
[BlackTeam "Bremen & Friends"]
[PlyCount "56"]
[WhiteFideId "12929840"]
[BlackFideId "24661490"]
[EventCountry "GER"]
[EventRounds "7"]
[EventType "team-swiss"]
[EventDate "2016.09.30"]

1. d4 Nf6 2. Nf3 d5 3. c4 e6 4. g3 dxc4 5. Qa4+ Nbd7 6. Qxc4 a6 7. Bg2 b5 8.
Qc2 Bb7 9. O-O c5 10. Bg5 Rc8 11. Qc3 cxd4 12. Qxd4 Bc5 13. Qd3 Qb6 14. Nbd2
Ng4 15. e3 h6 16. Bf4 g5 17. h3 gxf4 18. hxg4 fxe3 19. fxe3 Bxe3+ 20. Kh1 h5
21. g5 h4 22. gxh4 Ne5 23. Qe2 Rc2 24. Qe1 Nd3 25. Qg3 Bxd2 26. g6 Bf4 27.
gxf7+ Kf8 28. Qg6 Bxf3 0-1

[Event "Deutsche Ländermeisterschaft 2016"]
[Site "Hannover GER"]
[Date "2016.10.03"]
[Round "4"]
[White "Kardoeus, David"]
[Black "Holtel, Jasper"]
[Result "1/2-1/2"]
[Termination "normal"]
[Board "6.2"]
[BlackTitle "FM"]
[WhiteElo "2168"]
[BlackElo "2194"]
[WhiteTeam "Bremen & Friends"]
[BlackTeam "Nordrhein-Westfalen"]
[PlyCount "76"]
[WhiteFideId "12912050"]
[BlackFideId "12956376"]
[EventCountry "GER"]
[EventRounds "7"]
[EventType "team-swiss"]
[EventDate "2016.09.30"]

1. e4 c5 2. Nf3 d6 3. d4 cxd4 4. Nxd4 Nf6 5. Nc3 a6 6. Bg5 e6 7. f4 h6 8. Bh4
Qb6 9. Qd3 Qxb2 10. Rb1 Qa3 11. f5 Be7 12. fxe6 Bxe6 13. Nxe6 fxe6 14. Be2 Qc5
15. Rxb7 Nbd7 16. Bf2 Qc6 17. Ra7 Rxa7 18. Bxa7 Ne5 19. Qh3 Nxe4 20. Nxe4 Qxe4
21. Rf1 d5 22. Qe3 Bb4+ 23. Kd1 Qxe3 24. Bxe3 Ke7 25. Bd4 Bd6 26. a4 a5 27. Bh5
Rb8 28. Be2 Rb4 29. Bc3 Rxa4 30. Kc1 Re4 31. Bb5 a4 32. h3 a3 33. Kb1 Bb4 34.
Ba1 g6 35. Ka2 Nc4 36. Bg7 Bd2 37. Bf8+ Kd8 38. Rf7 Re2 1/2-1/2

[Event "Deutsche Ländermeisterschaft 2016"]
[Site "Hannover GER"]
[Date "2016.10.03"]
[Round "4"]
[White "Browning, Alex"]
[Black "Wachinger, Nikolas"]
[Result "0-1"]
[Termination "normal"]
[Board "6.3"]
[WhiteElo "2100"]
[BlackElo "1646"]
[WhiteTeam "Nordrhein-Westfalen"]
[BlackTeam "Bremen & Friends"]
[PlyCount "72"]
[WhiteFideId "12984019"]
[BlackFideId "12962791"]
[EventCountry "GER"]
[EventRounds "7"]
[EventType "team-swiss"]
[EventDate "2016.09.30"]

1. e4 c5 2. Nf3 d6 3. d4 cxd4 4. Nxd4 Nf6 5. Nc3 a6 6. h3 e6 7. g4 Be7 8. Bg2
Nfd7 9. O-O Nc6 10. Be3 Qc7 11. f4 O-O 12. g5 Nxd4 13. Bxd4 Nb6 14. f5 Bxg5 15.
f6 e5 16. fxg7 Kxg7 17. Qh5 f6 18. Bxb6 Qxb6+ 19. Kh1 Be6 20. h4 Bd2 21. Nd5
Bxd5 22. exd5 Qc7 23. Be4 Kh8 24. Rf5 Bf4 25. Rg1 Qf7 26. Qf3 Rg8 27. Rxg8+
Rxg8 28. Rh5 Rg7 29. Bf5 Rg3 30. Qd1 h6 31. c4 Qg7 32. Qf1 Qg8 33. Be4 Qg4 34.
Rxh6+ Bxh6 35. Qxf6+ Qg7 36. Qd8+ Qf8 0-1

[Event "Deutsche Ländermeisterschaft 2016"]
[Site "Hannover GER"]
[Date "2016.10.03"]
[Round "4"]
[White "Silber, Kevin"]
[Black "Wagner, Leopold Franziskus"]
[Result "1-0"]
[Termination "normal"]
[Board "6.4"]
[WhiteElo "1922"]
[BlackElo "1997"]
[WhiteTeam "Bremen & Friends"]
[BlackTeam "Nordrhein-Westfalen"]
[PlyCount "95"]
[WhiteFideId "12930440"]
[BlackFideId "1641581"]
[EventCountry "GER"]
[EventRounds "7"]
[EventType "team-swiss"]
[EventDate "2016.09.30"]

1. e4 e6 2. d4 d5 3. Nd2 Nf6 4. e5 Nfd7 5. Bd3 c5 6. c3 Nc6 7. Ne2 cxd4 8. cxd4
f6 9. exf6 Nxf6 10. O-O Bd6 11. Nf3 O-O 12. Bf4 Bxf4 13. Nxf4 Ne4 14. Qc1 Qd6
15. g3 Bd7 16. Qe3 Nf6 17. Ne5 Rae8 18. a3 Qc7 19. Rfe1 Qd6 20. f3 Nd8 21. Rac1
Bc6 22. Qd2 Re7 23. b4 a6 24. Rc3 Ba4 25. h4 Nc6 26. Bb1 Nd8 27. Nfd3 Bb5 28.
Nc5 b6 29. a4 Bc6 30. Nxa6 Bxa4 31. Bd3 Bc6 32. b5 Bb7 33. Qb2 Nd7 34. Qb1 Nf6
35. Nb4 Rc7 36. Rxc7 Qxc7 37. Rc1 Qd6 38. Nbc6 Re8 39. Qa1 Nd7 40. Qb1 Nf6 41.
g4 g6 42. Bxg6 Rf8 43. Nxd8 Rxd8 44. Bxh7+ Kf8 45. Qg6 Qe7 46. Rc7 Qxc7 47.
Qxf6+ Ke8 48. Bg6+ 1-0

[Event "Deutsche Ländermeisterschaft 2016"]
[Site "Hannover GER"]
[Date "2016.10.03"]
[Round "4"]
[White "Runte, Moritz"]
[Black "Colbow, Collin"]
[Result "1-0"]
[Termination "normal"]
[Board "6.5"]
[WhiteElo "1860"]
[BlackElo "1909"]
[WhiteTeam "Nordrhein-Westfalen"]
[BlackTeam "Bremen & Friends"]
[PlyCount "91"]
[WhiteFideId "12991449"]
[BlackFideId "16201132"]
[EventCountry "GER"]
[EventRounds "7"]
[EventType "team-swiss"]
[EventDate "2016.09.30"]

1. e4 e5 2. Nf3 Nc6 3. Bc4 Bc5 4. c3 Nf6 5. d3 O-O 6. O-O d5 7. exd5 Nxd5 8.
Re1 Bg4 9. h3 Bh5 10. b4 Be7 11. b5 Na5 12. g4 Bg6 13. Nxe5 Bc5 14. Qf3 Nxc4
15. dxc4 Nb6 16. Bf4 Qf6 17. Nd2 Rad8 18. Nb3 Na4 19. Rad1 Bd6 20. g5 Qf5 21.
Nd4 Qc8 22. h4 Bxe5 23. Bxe5 Nc5 24. h5 Bd3 25. Rxd3 Nxd3 26. Qxd3 Qg4+ 27. Qg3
Qxh5 28. f4 Kh8 29. Kg2 f6 30. Rh1 Qg6 31. gxf6 Qxg3+ 32. Kxg3 gxf6 33. Bxc7
Rc8 34. Bd6 Rfe8 35. c5 Re3+ 36. Kg4 Rxc3 37. Kf5 Rc4 38. Ne6 Rb4 39. Kxf6 Rxb5
40. Kf7 Rbxc5 41. Nxc5 Re8 42. Be5+ Rxe5 43. fxe5 b5 44. e6 a5 45. e7 b4 46.
e8=R# 1-0